Statistics for Tallest buildings in history

Click here to take the quiz!

General Stats

  • This quiz has been taken 17 times
  • The average score is 3 of 15

Answer Stats

HintAnswer% Correct
In UAEBurj Khalifa
76%
In CanadaCN tower
76%
In USAOne world trade center
59%
In TaiwanTaipei 101
41%
In JapanTokyo skytree
12%
In USAKVLY
6%
In RussiaOstankino
6%
In USACoweta
0%
In USAKATV
0%
In USAKXJB
0%
In USAKZFX
0%
In MexicoPetronius platform
0%
In PolandWarsaw Radio Mast
0%
In USAWFMY
0%
In USAWITN
0%

Score Distribution

Percentile by Number Answered

Percent of People with Each Score

Your Score History

You have not taken this quiz